| 000 | 00446cam a2200181ua 4500 | ||
|---|---|---|---|
| 020 |
_a81-7132-081-3 _c500.00 |
||
| 041 |
_aeng _h |
||
| 082 |
_a631.586 _bRAI/DR |
||
| 100 | _aRaina, J L . | ||
| 245 |
_aDryland farming in India / _cRaina J L. _hTextual Documents |
||
| 250 |
_a1 / _b. |
||
| 260 |
_aJaipur : _bPinter Publishers , _c1994. |
||
| 300 | _a340 ; . | ||
| 365 | _a500.00 | ||
| 504 | _a | ||
| 942 | _cBK | ||
| 999 |
_c9739 _d9739 |
||